Textbook of research methodologies and biostatistics: for pharmacy students (Record no. 4221)

MARC details
000 -LEADER
fixed length control field 00501nam a2200169Ia 4500
008 - FIXED-LENGTH DATA ELEMENTS--GENERAL INFORMATION
fixed length control field 230917s9999||||xx |||||||||||||| ||und||
020 ## - ISBN
Price RS 325.00
040 ## - CATALOGING SOURCE
-- 5015042
Original cataloging agency VIVEKANANDA LIBRARY
041 ## - Language
-- English
082 ## - DDC NUMBER
Classification number 615.532 C459T
100 ## - MAIN ENTRY--PERSONAL NAME
Personal name Chowdary, K P R
245 #0 - TITLE STATEMENT
Title Textbook of research methodologies and biostatistics: for pharmacy students
260 ## - PUBLICATION, DISTRIBUTION, ETC. (IMPRINT)
Place of publication, distribution, etc Hyderabad
Name of publisher, distributor, etc Pharamed Press
Date of publication, distribution, etc 2019
300 ## - PHYSICAL DESCRIPTION
Pages xvii, 200 p.
500 ## - GENERAL NOTE
General note 4318 06/01/2022 PBA22/445 13/01/2022 Main Budget
942 ## - ADDED ENTRY ELEMENTS (KOHA)
Koha item type Books
Holdings
Withdrawn status Lost status Damaged status Not for loan Location (home branch) Sublocation or collection (holding branch) Date acquired Koha issues (times borrowed) Koha full call number Accession No. Koha date last seen Koha item type
        VIVEKANANDA LIBRARY VIVEKANANDA LIBRARY 04/02/2022   615.532 C459T 398934 17/09/2023 Books
        VIVEKANANDA LIBRARY VIVEKANANDA LIBRARY 04/02/2022   615.532 C459T 398935 17/09/2023 Books
        VIVEKANANDA LIBRARY VIVEKANANDA LIBRARY 04/02/2022   615.532 C459T 398936 17/09/2023 Books
        VIVEKANANDA LIBRARY VIVEKANANDA LIBRARY 04/02/2022   615.532 C459T 398937 17/09/2023 Books
        VIVEKANANDA LIBRARY VIVEKANANDA LIBRARY 04/02/2022   615.532 C459T 398938 17/09/2023 Books
© Designed and Maintained by Vivekananda Library, MDU Rohtak